000
00298nam a2200133Ia 4500
100
_a
Morris/J.L
942
_c
BK
654
_a
Welding
245
_a
Welding Principles for Engineers
260
_b
Prentice Hall of India
_a
NewJersey
_c
1964
082
_a
671.52
300
_a
511
546
_a
ENGLISH
999
_c
21441
_d
21441